| 000 | 00756pam a2200217 i 4500 | ||
|---|---|---|---|
| 001 | 2281508 | ||
| 005 | 20241130123750.0 | ||
| 008 | 790910s1980 nyua b 001 0 eng | ||
| 020 |
_a0471051969 : _c$21.95 (est.) |
||
| 050 | 0 | 0 |
_aQD169.W3 _bS66 |
| 082 | 0 | 0 | _a546/.22/024628 |
| 100 | 1 | _aSnoeyink, Vernon L. | |
| 245 | 1 | 0 |
_aWater chemistry / _cVernon L. Snoeyink, David Jenkins. |
| 260 |
_aNew York : _bWiley, _cc1980. |
||
| 300 |
_axiii, 463 p. : _bill. ; _c24 cm. |
||
| 650 | 0 | _aWater chemistry. | |
| 700 | 1 |
_aJenkins, David, _d1935- _ejoint author. |
|
| 856 | 4 | 2 |
_3Publisher description _uhttp://www.loc.gov/catdir/description/wiley031/79021331.html |
| 856 | 4 |
_3Table of Contents _uhttp://www.loc.gov/catdir/toc/onix01/79021331.html |
|
| 942 |
_2lcc _cBK _n0 |
||
| 999 |
_c1845 _d1845 |
||